<?xml version="1.0" encoding="UTF-8"?>
<record
    xmlns:xsi="http://www.w3.org/2001/XMLSchema-instance"
    xsi:schemaLocation="http://www.loc.gov/MARC21/slim http://www.loc.gov/standards/marcxml/schema/MARC21slim.xsd"
    xmlns="http://www.loc.gov/MARC21/slim">

  <leader>01675    a2200217   4500</leader>
  <controlfield tag="001">46854</controlfield>
  <controlfield tag="005">20260407155739.0</controlfield>
  <controlfield tag="008">260407a1984    arg                 spa d</controlfield>
  <controlfield tag="003">AR-UNSa-BCEJYS</controlfield>
  <datafield tag="040" ind1=" " ind2=" ">
    <subfield code="a">AR-UNSa-BCEJYS</subfield>
    <subfield code="b">spa</subfield>
    <subfield code="c">AR-UNSa-BCEJYS</subfield>
  </datafield>
  <datafield tag="080" ind1=" " ind2=" ">
    <subfield code="a">341.9</subfield>
    <subfield code="x">Derecho Internacional Privado. Conflictos de Leyes</subfield>
  </datafield>
  <datafield tag="245" ind1="1" ind2="0">
    <subfield code="a">Manual del Derecho Internacional Privado</subfield>
  </datafield>
  <datafield tag="020" ind1=" " ind2=" ">
    <subfield code="a">950-21-0020-4</subfield>
  </datafield>
  <datafield tag="250" ind1=" " ind2=" ">
    <subfield code="a">6a.ed.</subfield>
  </datafield>
  <datafield tag="264" ind1=" " ind2="1">
    <subfield code="a">Buenos Aires :</subfield>
    <subfield code="b">Plus Ultra</subfield>
    <subfield code="c">1984</subfield>
  </datafield>
  <datafield tag="300" ind1=" " ind2=" ">
    <subfield code="a">711 p.</subfield>
    <subfield code="c">23 cm.</subfield>
  </datafield>
  <datafield tag="505" ind1=" " ind2=" ">
    <subfield code="a">1. Introducci&#xF3;n - 2. Historia del derecho internacional privado (Las doctrinas estatutarias) - 3. Historia del derecho internacional privado (La doctrina angloamericana) - 4. Las normas jur&#xED;dicas indirectas. Las calificaciones. La cuesti&#xF3;n previa. El fraude a la ley - 5. La teor&#xED;a del reenv&#xED;o. El derecho extranjero en el proceso. El orden p&#xFA;blico - 6. El domicilio - 7. Las personas f&#xED;sicas. Los incapaces y su protecci&#xF3;n - 8. Personas jur&#xED;dicas de car&#xE1;cter p&#xFA;blico y de car&#xE1;cter privado - 9. El matrimonio - 10. Separaci&#xF3;n y divorcio. Bigamia. La filiaci&#xF3;n. La adopci&#xF3;n - 11. Sucesiones - 12. Cosas y derechos reales. La lex rei sitae. La ley personal. La prescripci&#xF3;n adquisitiva. El buque y su relaci&#xF3;n jur&#xED;dica. La propiedad espiritual - 13. Forma de los actos jur&#xED;dicos. La regla locus regit actum. Soluciones - 14. De las obligaciones - 15. Derecho internacional privado comercial - 16. Sociedades comerciales - 17. Derecho procesal internacional - 18. R&#xE9;gimen de la quiebra extranacional - 19. Derecho penal internacional. </subfield>
  </datafield>
  <datafield tag="942" ind1=" " ind2=" ">
    <subfield code="c">BK</subfield>
  </datafield>
  <datafield tag="590" ind1=" " ind2=" ">
    <subfield code="a">niveau_biblio:m niveau_hierar:0</subfield>
  </datafield>
  <datafield tag="100" ind1="1" ind2=" ">
    <subfield code="a">Kaller de Orchansky, Berta</subfield>
  </datafield>
  <datafield tag="999" ind1=" " ind2=" ">
    <subfield code="c">4253</subfield>
    <subfield code="d">4253</subfield>
  </datafield>
  <datafield tag="952" ind1=" " ind2=" ">
    <subfield code="0">0</subfield>
    <subfield code="1">0</subfield>
    <subfield code="4">0</subfield>
    <subfield code="7">0</subfield>
    <subfield code="a">BCEJYS</subfield>
    <subfield code="b">BCEJYS</subfield>
    <subfield code="c">16</subfield>
    <subfield code="d">2026-04-07</subfield>
    <subfield code="l">0</subfield>
    <subfield code="o">341.9 K14 6ed.</subfield>
    <subfield code="p">L53449</subfield>
    <subfield code="r">2026-04-07 15:57:39</subfield>
    <subfield code="w">2026-04-07</subfield>
    <subfield code="y">L</subfield>
  </datafield>
  <datafield tag="952" ind1=" " ind2=" ">
    <subfield code="0">0</subfield>
    <subfield code="1">0</subfield>
    <subfield code="4">0</subfield>
    <subfield code="7">0</subfield>
    <subfield code="a">BCEJYS</subfield>
    <subfield code="b">BCEJYS</subfield>
    <subfield code="c">16</subfield>
    <subfield code="d">2026-04-07</subfield>
    <subfield code="l">0</subfield>
    <subfield code="o">341.9 K14 6ed.</subfield>
    <subfield code="p">L53448</subfield>
    <subfield code="r">2026-04-07 15:57:39</subfield>
    <subfield code="w">2026-04-07</subfield>
    <subfield code="y">L</subfield>
  </datafield>
</record>
